[Event "GCCC June Action Quads.1"]
[Site "Flint, MI"]
[Date "2002.06.05"]
[Round "3"]
[White "Laurin, Edward"]
[Black "Aldrich, Jeff"]
[Result "0-1"]
[WhiteElo "1757"]
[BlackElo "1900"]
[PlyCount "65"]
[EventDate "2002.06.05"]

1. e4 c6 2. d4 d5 3. Nc3 dxe4 4. Nxe4 Nd7 5. Bc4 e6 6. Bf4 Nb6 7. Be2 Nd5 8.
Bg3 Ngf6 9. Nxf6+ Qxf6 10. Nf3 Nf4 11. Bxf4 Qxf4 12. Qd2 Bd6 13. Qxf4 Bxf4 14.
Ne5 O-O 15. g3 Bg5 16. f4 Be7 17. g4 f6 18. Nd3 b6 19. h4 Bb7 20. Bf3 Rad8 21.
c3 Ba6 22. O-O-O c5 23. Nf2 cxd4 24. Rxd4 Rxd4 25. cxd4 g5 26. hxg5 fxg5 27.
Be4 Rxf4 28. Rxh7 Bf6 29. Rxa7 Bf1 30. Bh7+ Kf8 31. Ne4 Bxd4 32. Nxg5 Be3+ 33.
Kd1 0-1

[Event "GCCC June Action Quads.1"]
[Site "Flint, MI"]
[Date "2002.06.05"]
[Round "1"]
[White "Kriseler, Mark"]
[Black "Aldrich, Jeff"]
[Result "1-0"]
[WhiteElo "1927"]
[BlackElo "1900"]
[PlyCount "61"]
[EventDate "2002.06.05"]

1. e4 c6 2. f4 d5 3. e5 Bf5 4. Nf3 e6 5. d4 c5 6. Bb5+ Nc6 7. c3 Qb6 8. Qa4 Rc8
9. Nbd2 a6 10. Bxc6+ bxc6 11. Nb3 Bd3 12. dxc5 Bxc5 13. Nxc5 Qxc5 14. Qd4 Qxd4
15. Nxd4 c5 16. Ne2 Ne7 17. Be3 Nf5 18. Kf2 O-O 19. g4 Nh6 20. h3 f6 21. exf6
Bxe2 22. fxg7 Rfd8 23. Kxe2 d4 24. Bd2 Nf7 25. Rac1 d3+ 26. Kf3 e5 27. f5 Kxg7
28. h4 Nd6 29. b3 Re8 30. c4 e4+ 31. Ke3 1-0

[Event "GCCC June Action Quads.1"]
[Site "Flint, MI"]
[Date "2002.06.05"]
[Round "2"]
[White "Aldrich, Jeff"]
[Black "Timmerman, Peter"]
[Result "1-0"]
[WhiteElo "1900"]
[BlackElo "2024"]
[PlyCount "45"]
[EventDate "2002.06.05"]

1. d4 Nf6 2. c4 e6 3. Nc3 Bb4 4. Qc2 c5 5. dxc5 O-O 6. Nf3 Bxc5 7. Bg5 h6 8.
Bh4 Nc6 9. a3 a5 10. e3 Be7 11. Rd1 b6 12. Bd3 Bb7 13. O-O Rc8 14. Qe2 Ng4 15.
Bg3 f5 16. h3 Nf6 17. Nb5 d6 18. Bb1 Ne8 19. e4 f4 20. Bh2 e5 21. Qd2 Nb8 22.
b4 Kh8 23. Qa2 1-0

[Event "Michigan Senior"]
[Site "Warren, MI"]
[Date "2002.06.08"]
[Round "1.4"]
[White "Vandivier, Don"]
[Black "McCarter, Robert"]
[Result "1-0"]
[WhiteElo "1917"]
[BlackElo "1603"]
[Annotator "Don Vandivier"]
[PlyCount "63"]
[EventDate "2002.06.08"]

1. e4 c5 2. Nf3 Nc6 3. d4 cxd4 4. Nxd4 g6 5. Bc4 Bg7 6. Be3 e6 7. Nc3 Nf6 8.
Bb3 a6 9. Qd2 Nxd4 10. Bxd4 O-O 11. f3 b5 12. O-O-O Qc7 13. e5 Ne8 14. f4 Bb7
15. h4 h5 16. Rhg1 Bh6 17. Qf2 Rc8 18. g4 hxg4 19. Rxg4 Qc6 20. Rd3 Ng7 21. Ne2
Rfd8 22. Ng3 d6 23. Bb6 $1 Rd7 $2 24. Rc3 Qxc3 25. bxc3 dxe5 26. Be3 Rxc3 27.
Ne2 Rxe3 28. Qxe3 exf4 29. Nxf4 Nh5 30. Bxe6 $6 (30. Rxg6+ $3 fxg6 31. Qxe6+ {
with Mate in 5!}) 30... Bxf4 (30... Nxf4 31. Rxg6+ Nxg6 32. Qxh6 fxe6 33. Qxg6+
Kf8 34. Qxe6) 31. Rxf4 Nxf4 32. Bxd7 1-0

[Event "Michigan Senior"]
[Site "Warren, MI"]
[Date "2002.06.08"]
[Round "2.4"]
[White "Steen, Harold"]
[Black "Sattler, Peter"]
[Result "1/2-1/2"]
[WhiteElo "1642"]
[BlackElo "1600"]
[PlyCount "110"]
[EventDate "2002.06.08"]

1. d4 d5 2. Nf3 Nc6 3. e3 a6 4. Bd3 e6 5. b3 Nf6 6. Bb2 Bd6 7. O-O Bd7 8. Nbd2
Nb4 9. Be2 O-O 10. a3 Nc6 11. Bd3 h6 12. Ne5 Be8 13. f4 Nd7 14. Rf3 Ndxe5 15.
fxe5 Be7 16. Rh3 Bg5 17. Qg4 f6 18. Qxe6+ Bf7 19. Qf5 g6 20. Qf2 Be6 21. Rg3
fxe5 22. Qe2 e4 23. Nxe4 dxe4 24. Bxe4 Bf5 25. Qc4+ Kh7 26. Bxc6 bxc6 27. Qxc6
Qd6 28. Qc3 Bf6 29. Qd2 Rae8 30. a4 Bh4 31. Ba3 Qe6 32. Rf3 Rf7 33. c4 Bg4 34.
Rxf7+ Qxf7 35. h3 Bf5 36. Rf1 Qe6 37. Bc1 Bg5 38. Rf3 Qe4 39. Qa5 Qc2 40. Bd2
Qxb3 41. Qxc7+ Re7 42. Qa5 Be4 43. Rg3 Qxc4 44. Rxg5 hxg5 45. Qxg5 Rf7 46. Qh4+
Kg7 47. Qxe4 Rf1+ 48. Kh2 Qc7+ 49. Qe5+ Qxe5+ 50. dxe5 Rf2 51. Bc3 Kf7 52. Kg3
Rc2 53. Be1 Ke6 54. Kf4 Rxg2 55. h4 Ra2 1/2-1/2

[Event "Michigan Senior"]
[Site "Warren, MI"]
[Date "2002.06.08"]
[Round "1.3"]
[White "Schey, Danny"]
[Black "LaForge, Tom"]
[Result "1-0"]
[WhiteElo "1649"]
[BlackElo "1936"]
[PlyCount "104"]
[EventDate "2002.06.08"]

1. Nf3 d5 2. g3 c5 3. Bg2 Bf5 4. d3 Nc6 5. O-O Nf6 6. Nbd2 e5 7. Re1 Be7 8. Nh4
Bg4 9. h3 Be6 10. e4 dxe4 11. dxe4 Qd7 12. Kh2 O-O-O 13. Nhf3 h6 14. Qe2 g5 15.
Nc4 Qc7 16. c3 g4 17. Ng1 gxh3 18. Nxh3 h5 19. f3 h4 20. g4 Rdg8 21. Nf2 Nh7
22. Nh3 f6 23. Be3 Nf8 24. a4 Ng6 25. a5 Kb8 26. a6 b6 27. Na3 Na5 28. Nb5 Qc6
29. Na3 Rd8 30. Bf1 c4 31. Qf2 Nb3 32. Rad1 Rxd1 33. Rxd1 Rd8 34. Rxd8+ Bxd8
35. Nc2 Be7 36. Ng1 Qb5 37. Ne1 Bc5 38. Ng2 Qxa6 39. Bxc5 Nxc5 40. Nxh4 Nf4 41.
b4 Ncd3 42. Qd2 Qa1 43. Bxd3 cxd3 44. Ng2 Nxg2 45. Kxg2 Qb1 46. Kf2 a5 47. bxa5
bxa5 48. c4 Qb6+ 49. Kg2 Bxc4 50. f4 Qd4 51. Qxa5 Qxe4+ 52. Nf3 Bd5 $138 1-0

[Event "Michigan Senior"]
[Site "Warren, MI"]
[Date "2002.06.08"]
[Round "1.5"]
[White "Sattler, Peter"]
[Black "Matias, I.C."]
[Result "1/2-1/2"]
[WhiteElo "1600"]
[BlackElo "1666"]
[PlyCount "98"]
[EventDate "2002.06.08"]

1. e4 e5 2. Nf3 Nc6 3. Bb5 a6 4. Ba4 Nf6 5. O-O Be7 6. Re1 b5 7. Bb3 d6 8. c3
O-O 9. h3 Bb7 10. d4 Re8 11. Bg5 h6 12. Bxf6 Bxf6 13. d5 Na5 14. Bc2 g6 15.
Nbd2 Bc8 16. Nh2 Bd7 17. b4 Nb7 18. Ng4 Bg7 19. a4 Qe7 20. Ne3 Rf8 21. Qe2 c5
22. dxc6 Bxc6 23. Bb3 bxa4 24. Bxa4 Qd7 25. Bxc6 Qxc6 26. Nd5 Rfc8 27. c4 a5
28. b5 Qd7 29. Nb6 Qe6 30. Nxa8 Rxa8 31. Qd3 f5 32. Qd5 Qxd5 33. exd5 e4 34.
Ra2 Nc5 35. Rb1 Bd4 36. Nb3 Nxb3 37. Rxb3 Bb6 38. Kf1 Kf7 39. Ke2 Rc8 40. Rc3
Kf6 41. Rac2 f4 42. f3 e3 43. Kd3 Kf5 44. Ra3 g5 45. Rca2 Rg8 46. Ra4 h5 47.
Re2 g4 48. fxg4+ hxg4 49. hxg4+ Kxg4 1/2-1/2

[Event "Michigan Senior"]
[Site "Warren, MI"]
[Date "2002.06.08"]
[Round "2.1"]
[White "Santiago, Reynaldo"]
[Black "Vandivier, Don"]
[Result "0-1"]
[WhiteElo "2000"]
[BlackElo "1917"]
[Annotator "Don Vandivier"]
[PlyCount "132"]
[EventDate "2002.06.08"]

1. e4 c5 2. Nf3 d6 3. d4 cxd4 4. Nxd4 Nf6 5. Nc3 g6 6. Be3 Bg7 7. f3 O-O 8. Qd2
Nc6 9. h4 Nxd4 10. Bxd4 Be6 11. O-O-O Qa5 12. Kb1 Rfc8 13. a3 h5 $6 14. Bxf6
Bxf6 (14... exf6 $5) 15. Nd5 Qxd2 16. Nxf6+ exf6 17. Rxd2 Rc6 18. Bb5 Rb6 19.
Be2 Kf8 20. g4 hxg4 21. fxg4 Ke7 22. h5 Rh8 23. Bf3 Rh6 24. Rd4 Rb5 25. Rb4 Bd7
26. Kc1 Rxb4 27. axb4 Bc6 28. c4 a6 29. Kd2 gxh5 30. Ke3 $2 h4 31. Kf4 Rh8 {
Black offers a draw.} 32. Rh2 Ke6 33. Be2 b6 34. b3 Rh7 35. Bd3 Rh8 36. Bf1 Bb7
37. Bh3 Ke7 38. Rd2 Rg8 39. c5 $2 bxc5 40. bxc5 dxc5 41. Rc2 Rc8 42. g5 fxg5+
43. Kxg5 Rg8+ 44. Kxh4 Kd6 45. Bf5 Re8 $6 (45... Ke5 $1) 46. Rc4 Ke5 47. Kg4
Kd6 48. Kf4 {White offers a draw.} a5 49. Ra4 Ra8 50. e5+ Kc7 51. Bd3 Kb6 52.
Be4 Bxe4 53. Kxe4 Rd8 $1 54. Kf5 Rd4 55. Ra1 Kb5 56. Rf1 Kb4 57. Rf3 a4 58.
bxa4 Kxa4 59. Kf6 Rd7 60. Kg7 Re7 61. Rxf7 (61. Kf6 Re6+) 61... Rxe5 62. Kf6
Re3 63. Rb7 c4 64. Kf5 c3 65. Kf4 Re1 66. Kf3 c2 0-1

[Event "Michigan Senior"]
[Site "Warren, MI"]
[Date "2002.06.08"]
[Round "1.1"]
[White "Roth, Bruce"]
[Black "Santiago, Reynaldo"]
[Result "0-1"]
[WhiteElo "1646"]
[BlackElo "2000"]
[Annotator "Jeff Aldrich"]
[PlyCount "105"]
[EventDate "2002.06.08"]

{Sicilian: Najdorf (Opecensky)} 1. e4 c5 2. Nf3 d6 3. d4 cxd4 4. Nxd4 Nf6 5.
Nc3 a6 6. Be2 e5 7. Nf3 h6 8. O-O b5 ({More common is} 8... Be7 {or}) (8... Be6
{but the text seems reasonable.}) 9. a3 Bb7 10. Bd3 Nbd7 11. b4 $6 {The idea
be hind this move is to prevent ...Nc5. It's a noble idea, but it weakens the
c-file and creates a quasi-backward c-pawn.} Rc8 {Immediately probing the
weakness.} 12. Bb2 Nb6 13. Nd2 Be7 14. f3 O-O 15. Rc1 {White's piece just
don't have any good squares. Black has more than equalized.} Re8 16. Ne2 Nc4
17. Bxc4 bxc4 18. Nc3 Nd7 19. Qe2 Qc7 20. Rcd1 Bg5 21. Kh1 Nf8 {Heading for
prime real-estate, the d4 square.} 22. Rfe1 Ne6 23. Nf1 Nd4 24. Qf2 f5 25. exf5
Nxf5 26. Bc1 Bh4 {Just to create a king-side weakness.} 27. g3 Be7 28. Nd5 Qc6
29. c3 Bd8 30. Qe2 Rf8 31. Nfe3 Ne7 32. Rf1 Qb5 33. Nxe7+ Bxe7 34. Ng2 Rf7 35.
Kg1 Re8 36. Rf2 d5 37. Bb2 Bd8 38. Qd2 Bb6 39. Ne3 d4 $6 (39... Ref8 $142 {
continuing to pile on the White weaknesses.}) 40. cxd4 exd4 41. Bxd4 Rd8 42.
Qc3 Rxf3 43. Rxf3 Bxf3 44. Rd2 Qd7 $5 45. Bxb6 $6 ({Pretty much conceding the
game. A tough, but interesting find would be} 45. Qxc4+ Kh8 (45... Kh7 46. Qd3+
{followed by Nc2 and Qe3. White is beginning to untangle from the pin.}) 46.
Bxg7+ Qxg7 47. Rxd8+ Bxd8 48. Qxa6 {getting three pawns for the piece. Black
still has the advantage due to the two bishops, but it will be a tough win.})
45... Qxd2 46. Qxc4+ Bd5 47. Nxd5 Rxd5 48. Qc8+ Kh7 49. Qxa6 Rf5 50. Qc4 Qd1+
51. Kg2 Qf3+ 52. Kg1 Qxa3 53. Qe4 0-1

[Event "Michigan Senior"]
[Site "Warren, MI"]
[Date "2002.06.08"]
[Round "2.3"]
[White "LaForge, Tom"]
[Black "Roth, Bruce"]
[Result "1-0"]
[WhiteElo "1936"]
[BlackElo "1646"]
[Annotator "Jeff Aldrich"]
[PlyCount "109"]
[EventDate "2002.06.08"]

{Caro-Kann: Spassky (Seirwan)} 1. e4 c6 2. d4 d5 3. Nd2 dxe4 4. Nxe4 Bf5 5. Ng3
Bg6 6. h4 h6 7. Nf3 Nd7 8. h5 Bh7 9. Bd3 Bxd3 10. Qxd3 Ngf6 11. Bd2 e6 12.
O-O-O Bd6 {Up to this point, this game is nearly identical to the
Davidovich-Calton game from the Masters/Experts Championship which Bob
Ciaffone annotated in the Summer Michigan Chess. In that game, Black stayed
aggressive and won a fireworks filled game. This game shows how a little
passive play can be costly.} 13. c4 {Aggressive, but is White's king safe
enough to play this move so soon?} Qc7 14. Ne2 O-O-O {Black plays it safe
choosing to castle queen-side too. He obviously has a fear of the king-side
attack, but he should not discount his own attacking possibilities on the
queen-side. I have had many a successful attack in similar positions.} 15. c5
Be7 16. Qa3 b6 17. cxb6 Nxb6 18. Qa6+ Qb7 19. Qxb7+ Kxb7 20. Ne5 Rhf8 {One of
the concessions of Black's passive play.} 21. Kb1 Nfd7 22. Be3 Nd5 23. Nc4 Nxe3
$6 {This knight was well posted on the d5-square. In addition, Black has
helped to un-isolate White's d-pawn.} 24. fxe3 Nf6 25. Rc1 Rc8 {Now the
consequences are revealed. Black's isolated c-pawn is the true weakness. At
least one rook will be tied down to its defense.} 26. Nc3 Nd5 27. e4 Nxc3+ 28.
Rxc3 Rfd8 29. Na5+ Kb6 30. Nb3 Rd7 31. Rhc1 Bf6 32. e5 Be7 33. Rc4 Rdc7 $6 {
Black needs to keep a presence on the d-file to give White something to defend.
.} 34. Nc5 Bxc5 35. dxc5+ Kb7 36. Rd1 {DIAGRAM The key to the position. White
controls the d-file and Black has no way to challenge. Although the material
is even, Black is positionally crushed.} Re8 37. Rg4 Rg8 38. Kc2 Kc8 39. Rd6
Kb7 40. Kc3 a5 41. b3 Re7 42. a3 Kc7 43. b4 axb4+ 44. axb4 Rd7 45. Kc4 Rxd6 46.
exd6+ Kd7 47. Rg3 e5 48. b5 g5 49. Ra3 cxb5+ 50. Kd5 Rb8 51. c6+ Kc8 52. Ra7
Rb6 53. Kc5 Rb8 54. d7+ Kd8 55. c7+ 1-0

[Event "Michigan Senior U1600"]
[Site "Warren, MI"]
[Date "2002.06.08"]
[Round "2.1"]
[White "Hazzard, Bill"]
[Black "Saylor, Oliver"]
[Result "1-0"]
[WhiteElo "1511"]
[BlackElo "1328"]
[Annotator "Jeff Aldrich"]
[PlyCount "120"]
[EventDate "2002.06.08"]

{Scotch} 1. e4 e5 2. Nf3 Nc6 3. d4 exd4 4. Nxd4 Bc5 5. Nxc6 Qh4 $4 {Whoa
Nellie! Where're ya goin', Miss?} 6. Qf3 $2 (6. Nd4 $1 Qxe4+ 7. Be3 {holds the
piece.}) 6... bxc6 7. g3 Qf6 8. Bg2 Ba6 9. Nd2 Qe5 10. c4 Nf6 11. O-O O-O 12.
Re1 Qd4 $6 13. Nb3 Qxc4 $2 14. Nxc5 (14. Bf1 $1) 14... Qxc5 15. Bd2 Qh5 16.
Qxh5 Nxh5 17. e5 g6 18. Bh6 Rfe8 19. Rad1 d5 $6 ({The beginning of the end. A
necessary concession was} 19... Bc8) 20. exd6 Rxe1+ 21. Rxe1 cxd6 22. Bxc6 Rb8
23. Re7 Ng7 24. Rxa7 Bc4 25. b3 {White has the two bishops and two passed
pawns. Enough to cruise to victory.} Be6 26. Kg2 d5 27. Ra8 Rxa8 28. Bxa8 Nf5
29. Bd2 Nd6 30. Bc3 Ne4 31. Bd4 Kf8 32. f3 Nd6 33. a4 Nf5 34. Bc5+ Ke8 35. Bc6+
Kd8 36. Bb6+ Ke7 37. Kf2 Kd6 38. Bb5 Ke5 39. a5 Nd4 40. Bc7+ Kf6 41. Ba4 Bc8
42. b4 Ba6 43. f4 Kf5 44. Ke3 Nb5 45. Be5 f6 46. Bd4 g5 47. Bc2+ Ke6 48. Bxh7
gxf4+ 49. gxf4 f5 50. Bg8+ Kd6 51. Bc5+ Kc6 52. h4 Nc3 53. h5 d4+ 54. Bxd4 Nd5+
55. Bxd5+ Kxd5 56. h6 Kc4 57. h7 Kxb4 58. h8=Q Kxa5 59. Qb8 Bb5 60. Bc5 Ka4 1-0

[Event "Michigan Senior U1600"]
[Site "Warren, MI"]
[Date "2002.06.08"]
[Round "1.2"]
[White "Foord, Allan"]
[Black "Saylor, Oliver"]
[Result "0-1"]
[WhiteElo "1500"]
[BlackElo "1328"]
[PlyCount "134"]
[EventDate "2002.06.08"]

1. e4 e5 2. Nf3 Nc6 3. Bb5 a6 4. Ba4 Nf6 5. O-O d6 6. Re1 Bg4 7. h3 Bh5 8. c3
Be7 9. d4 exd4 10. cxd4 b5 11. Bb3 Bxf3 12. gxf3 Qd7 13. Kh2 h6 14. Nc3 Nh7 15.
f4 O-O 16. Be3 Kh8 17. Qf3 Na5 18. Bc2 Nc4 19. Bc1 c6 20. b3 Nb6 21. Bb2 Bf6
22. Rad1 Qc7 23. Qd3 g6 24. e5 dxe5 25. fxe5 Rad8 26. Qg3 Bg7 27. f4 Nd5 28.
Ne4 Ne7 29. Nc5 Qc8 30. h4 Nf5 31. Qh3 a5 32. e6 Ne7 33. Nd7 Rxd7 34. exd7 Qd8
35. Re2 f5 36. Rde1 Bf6 37. h5 Qxd7 38. hxg6 Nxg6 39. Bxf5 Qf7 40. Qxh6 Rg8 41.
Be6 Qg7 42. Qxg7+ Rxg7 43. Bf5 Nxf4 44. Re8+ Rg8 45. Rxg8+ Kxg8 46. Rc1 Nd5 47.
Rxc6 Ng5 48. Be6+ Nxe6 49. Rxe6 Kf7 50. Ra6 Bd8 51. Rd6 Bc7 52. Kg2 Bxd6 53.
Kf3 Ke6 54. Ke4 Nf6+ 55. Kd3 Kd5 56. a3 Nh5 57. Bc3 b4 58. axb4 Bxb4 59. Bb2
Nf4+ 60. Ke3 Ne6 61. Kd3 Be7 62. Bc3 Bd8 63. Ke3 Bb6 64. Kd3 Nxd4 65. Bxd4 Bxd4
66. Kc2 Kc5 67. Kd3 Kb4 0-1

[Event "Michigan Senior U1600"]
[Site "Warren, MI"]
[Date "2002.06.08"]
[Round "1.1"]
[White "Dolin, Jack"]
[Black "Hazzard, Bill"]
[Result "0-1"]
[WhiteElo "1414"]
[BlackElo "1511"]
[PlyCount "48"]
[EventDate "2002.06.08"]

1. d4 d5 2. c4 e6 3. Nc3 c6 4. Nf3 Nf6 5. Bg5 Be7 6. e3 Nbd7 7. Qc2 Qa5 8. a3
O-O 9. Bd3 Re8 10. O-O dxc4 11. Bxc4 Qc7 12. Rac1 Bd6 13. e4 e5 14. dxe5 Nxe5
15. Nxe5 Bxe5 16. f4 Bd4+ 17. Kh1 Ng4 18. Qe2 Bf6 19. Bxf6 Nxf6 20. Rcd1 Bg4
21. Qe1 Bxd1 22. Qxd1 Nxe4 23. Ne2 Rad8 24. Qe1 Nd2 0-1

[Event "Michigan Senior U1600"]
[Site "Warren, MI"]
[Date "2002.06.08"]
[Round "2.2"]
[White "Biache, August"]
[Black "Kilburn, Gregory"]
[Result "0-1"]
[WhiteElo "1455"]
[BlackElo "1176"]
[Annotator "Jeff Aldrich"]
[PlyCount "94"]
[EventDate "2002.06.08"]

{Italian: Semi-Italian} 1. e4 e5 2. Nf3 Nc6 3. Bc4 d6 4. d3 Be6 5. Bxe6 fxe6 6.
Ng5 Qd7 7. Qg4 Nd8 $6 (7... Nd4 $142 {defending forward and giving White
something to think about.}) 8. Qh5+ $6 (8. Nxh7 $1 {wins a pawn:} Rxh7 9. Qg6+)
8... Nf7 9. Qxf7+ Qxf7 10. Nxf7 Kxf7 11. f4 exf4 12. Bxf4 e5 13. Bg3 Nf6 14.
Rf1 Be7 15. Nc3 c6 16. O-O-O Rhf8 17. Bh4 Ke6 18. h3 Nd7 19. Bxe7 Kxe7 20. g4
Rxf1 21. Rxf1 Rf8 22. Rxf8 Nxf8 23. Ne2 Ne6 24. h4 $6 {Over-extending his
pawns. Black's king is a lot closer than White's.} h6 25. Ng3 g6 26. h5 Kf6 27.
Kd2 gxh5 28. gxh5 Kg5 29. Ke3 Nf4 30. Kf3 Nxh5 31. Nxh5 $2 {White's only
chance to draw is to keep the knights on the board. Trading into a simple king
and pawn endgame makes it too easy for Black.} Kxh5 32. Kg3 Kg5 33. b3 d5 34.
exd5 cxd5 35. c3 e4 36. d4 b5 37. a4 a6 38. a5 h5 39. c4 h4+ 40. Kh3 bxc4 41.
bxc4 dxc4 42. d5 Kf6 43. Kxh4 c3 44. Kg4 Ke5 45. d6 Kxd6 46. Kf4 c2 47. Kxe4
c1=Q 0-1

[Event "Michigan Senior"]
[Site "Warren, MI"]
[Date "2002.06.09"]
[Round "3.2"]
[White "Vandivier, Don"]
[Black "Williams, Ron"]
[Result "1-0"]
[WhiteElo "1924"]
[BlackElo "1959"]
[Annotator "Don Vandivier"]
[PlyCount "67"]
[EventDate "2002.06.08"]

{Irregular King's Pawn: Nimzovich} 1. e4 Nc6 2. Nf3 g6 3. d4 Bg7 4. Nc3 d6 5.
h3 e5 6. d5 Nce7 7. Be3 f5 8. Bg5 Nf6 9. Bb5+ Bd7 10. exf5 Bxb5 11. Nxb5 Qd7
12. Nc3 (12. c4 {is probably better.}) 12... Qxf5 13. g4 Qd7 14. Bxf6 Bxf6 15.
Ne4 O-O 16. Nxf6+ $2 {Drops at least a pawn.} (16. Qd3 {and castling long is a
much better plan.}) 16... Rxf6 {Black now threatens both ...Qb5 and ...Raf8,
practically winning outright.} 17. Nd2 $5 {Making the best of a bad situation.}
Qb5 18. c4 Qxb2 19. Rb1 Qd4 20. Qe2 b6 {White's position is not as bad as it
might look. He will play get the knight to e4, g5 and e6. If the knight
reaches e6 he will have compensation.} 21. O-O {First the king gets to safety
and the rooks are united.} Raf8 22. Kg2 $1 Rf4 23. f3 Qc5 {Black sees that
after Ne4 he has to worry about the queen being trapped or give up the
exchange.} 24. Ne4 Qa5 25. Ng5 Qa4 26. Rbc1 ({Of course not} 26. Ne6 $2 Qxc4
27. Qxc4 Rxc4 28. Nxf8 Kxf8 {when Black will end up with three pawns for the
exchange.}) 26... R4f6 27. Ne6 Rc8 28. f4 $1 exf4 29. Rxf4 Nxd5 30. Rxf6 ({
Also playable is} 30. cxd5 Rxf4 31. Nxf4 Re8 (31... Qxf4 32. Qe6+ Kg7 33. Rf1)
32. Ne6) 30... Nxf6 31. Rf1 Kf7 $2 32. Ng5+ Kg7 33. Qe7+ Kh6 34. Nf7+ 1-0

[Event "Michigan Senior U1600"]
[Site "Warren, MI"]
[Date "2002.06.09"]
[Round "4.2"]
[White "Saylor, Oliver"]
[Black "Dolin, Jack"]
[Result "0-1"]
[WhiteElo "1328"]
[BlackElo "1414"]
[PlyCount "112"]
[EventDate "2002.06.08"]

1. e4 e6 2. d4 d5 3. Nc3 Bb4 4. exd5 exd5 5. a3 Bxc3+ 6. bxc3 Nf6 7. Nf3 O-O 8.
Bg5 Re8+ 9. Be2 Qe7 10. Be3 Ng4 11. O-O Nxe3 12. fxe3 Qxe3+ 13. Kh1 Qxe2 14.
Qc1 Be6 15. Qf4 Qc4 16. Ng5 f6 17. Nxe6 Rxe6 18. Qf5 Qc6 19. Rf3 Nd7 20. Rh3 g6
21. Qf4 Rae8 22. Qh4 Nf8 23. Rf3 Re4 24. Qf2 Qe6 25. Rf1 f5 26. h3 Re2 27. Qg3
Qd6 28. Qg5 Kh8 29. h4 Re1 30. h5 Rxf1+ 31. Rxf1 Qe7 32. Qf4 Ne6 33. Qe5+ Ng7
34. Qxd5 Nxh5 35. Rf3 Qe1+ 36. Kh2 Qh4+ 37. Kg1 Re1+ 38. Rf1 Rxf1+ 39. Kxf1
Ng3+ 40. Ke1 Ne4+ 41. Ke2 Qf2+ 42. Kd3 Qe2+ 43. Kxe2 Nxc3+ 44. Kd3 Nxd5 45. Kc4
Ne3+ 46. Kd3 Nxg2 47. c4 h5 48. Ke2 h4 49. Kf3 Ne1+ 50. Kf2 Nc2 51. d5 Nxa3 52.
c5 Nb5 53. Kf3 g5 54. Ke3 h3 55. Kf2 g4 56. Kg3 Kg7 0-1

[Event "Michigan Senior U1600"]
[Site "Warren, MI"]
[Date "2002.06.09"]
[Round "3.2"]
[White "Saylor, Oliver"]
[Black "Biache, August"]
[Result "1-0"]
[WhiteElo "1328"]
[BlackElo "1455"]
[PlyCount "43"]
[EventDate "2002.06.08"]

1. e4 e5 2. Nf3 Nc6 3. Bc4 Nf6 4. Ng5 Bc5 5. Nxf7 Bxf2+ 6. Kxf2 Nxe4+ 7. Kg1
Qe7 8. Nxh8 Qc5+ 9. d4 Qxc4 10. Qd3 Qxd4+ 11. Qxd4 Nxd4 12. Nc3 Nxc2 13. Rb1
Nf6 14. Bg5 Kf8 15. Bxf6 gxf6 16. Nd5 c6 17. Nxf6 Kg7 18. Nxh7 Kxh8 19. Ng5 d6
20. Nf7+ Kg7 21. Nxd6 Bf5 22. Nxf5+ 1-0

[Event "Michigan Senior"]
[Site "Warren, MI"]
[Date "2002.06.09"]
[Round "4.4"]
[White "Sattler, Peter"]
[Black "McCarter, Robert"]
[Result "1/2-1/2"]
[WhiteElo "1600"]
[BlackElo "1603"]
[PlyCount "105"]
[EventDate "2002.06.08"]

1. e4 c5 2. Nf3 Nc6 3. d4 cxd4 4. Nxd4 g6 5. Nc3 Bg7 6. Be3 d6 7. Nxc6 bxc6 8.
Bd4 Nf6 9. Be2 O-O 10. O-O e5 11. Be3 Be6 12. Qd2 d5 13. exd5 cxd5 14. Bc5 d4
15. Na4 Re8 16. f3 Qc7 17. b4 Qc6 18. Nb2 a5 19. a3 Nd7 20. a4 Reb8 21. Bb5 Qc7
22. Bxd7 Bxd7 23. Nd3 axb4 24. Bxb4 Bxa4 25. Rfc1 Bb5 26. Nc5 Bf8 27. Rxa8 Rxa8
28. Ne4 Bxb4 29. Qxb4 Ba6 30. Qd6 Qxd6 31. Nxd6 Rd8 32. Ne4 f5 33. Nc5 Rd6 34.
Kf2 Rc6 35. Nxa6 Rxa6 36. Ke2 Rc6 37. Kd2 Kf7 38. Rb1 h5 39. Rb7+ Ke6 40. Rg7
Kd5 41. Rd7+ Rd6 42. Rc7 e4 43. fxe4+ fxe4 44. Rf7 Re6 45. Rd7+ Ke5 46. c4
dxc3+ 47. Kxc3 Kf4 48. Kd2 Ra6 49. Rf7+ Ke5 50. Ke3 Ra3+ 51. Ke2 Ra2+ 52. Kf1
Ra6 53. Ke2 1/2-1/2

[Event "Michigan Senior"]
[Site "Warren, MI"]
[Date "2002.06.09"]
[Round "3.3"]
[White "McCarter, Robert"]
[Black "LaForge, Tom"]
[Result "0-1"]
[WhiteElo "1603"]
[BlackElo "1936"]
[PlyCount "112"]
[EventDate "2002.06.08"]

1. d4 d5 2. Nf3 Nf6 3. c4 e6 4. Bg5 h6 5. Bh4 g5 6. Bg3 Bb4+ 7. Nbd2 dxc4 8.
Qa4+ Nc6 9. e3 Bd7 10. Qc2 b5 11. Be2 Bd6 12. Ne4 Nxe4 13. Qxe4 f5 14. Qc2 Qf6
15. Bxd6 cxd6 16. a4 Nb4 17. Qc3 Nd3+ 18. Bxd3 cxd3 19. Qxd3 bxa4 20. Qa6 Ke7
21. O-O Rhb8 22. Rfc1 Rb6 23. Qe2 Qf8 24. Rc7 Qb8 25. Rc2 Qb7 26. h4 g4 27. Ne1
Rc8 28. Ra2 a6 29. Rxc8 Qxc8 30. Qd2 Qc4 31. Ra3 Qb4 32. Qxb4 Rxb4 33. Nd3 Rc4
34. Kf1 Bb5 35. Ke1 Rc2 36. g3 Kd7 37. Nf4 Rxb2 38. Rc3 Rb1+ 39. Kd2 Rf1 40.
Nd3 Bxd3 41. Kxd3 Rxf2 42. Ra3 Rf3 43. Rxa4 Rxg3 44. Rxa6 Rh3 45. Ra7+ Kc6 46.
Ra6+ Kd7 47. Ra7+ Ke8 48. Ra8+ Ke7 49. Ra7+ Kf6 50. Ra6 d5 51. Ra8 Rxh4 52.
Rf8+ Kg7 53. Re8 Kf7 54. Rh8 g3 55. Ke2 Rg4 56. Rxh6 g2 0-1

[Event "Michigan Senior"]
[Site "Warren, MI"]
[Date "2002.06.09"]
[Round "4.2"]
[White "LaForge, Tom"]
[Black "Vandivier, Don"]
[Result "1/2-1/2"]
[WhiteElo "1936"]
[BlackElo "1924"]
[PlyCount "86"]
[EventDate "2002.06.08"]

1. e4 c5 2. Nf3 d6 3. d4 cxd4 4. Qxd4 Nc6 5. Bb5 Bd7 6. Bxc6 bxc6 7. c4 Qb6 8.
Nc3 Qxd4 9. Nxd4 g6 10. Be3 Bg7 11. O-O-O Nf6 12. f3 Rb8 13. Kc2 O-O 14. Nb3 c5
15. g4 Be6 16. Nd5 Bxd5 17. cxd5 Nd7 18. Rb1 Rb5 19. Nd2 Rfb8 20. Nc4 Ne5 21.
Nxe5 Bxe5 22. b3 Ra5 23. a4 Ra6 24. f4 Bg7 25. Bd2 Rab6 26. h4 e6 27. Rh3 exd5
28. exd5 Re8 29. Re1 Rbb8 30. Rhe3 Kf8 31. Rxe8+ Rxe8 32. Kd3 Rxe1 33. Bxe1 f5
34. gxf5 gxf5 35. Kc4 a6 36. b4 Bd4 37. b5 axb5+ 38. Kxb5 Ke7 39. h5 Kd7 40. a5
Be3 41. a6 Kc7 42. Bg3 Bd2 43. Bh2 Be3 1/2-1/2